| 000 | 00870nam a2200205 i 4500 | ||
|---|---|---|---|
| 001 | 166263 | ||
| 003 | ES-MaACL | ||
| 005 | 20260201063018.0 | ||
| 008 | 931025m18451862be a |||| | fre d | ||
| 100 | 1 |
_aThiers, Adolphe, _d1797-1877 _9173508 |
|
| 245 | 1 | 0 |
_aHistoire du Consulat y de l'Empire / _cpar A. Thiers. |
| 260 |
_aBruxelles : _bMeline, Cans et Compagnie, _c1845-1862. |
||
| 300 |
_a6 v. : _bil. ; _c28 cm. |
||
| 597 | 1 | _aVol. I (823 p.) -- vol. II (835 p.) -- vol. III (572 p.) -- vol. IV (548 p.) -- vol. V (600 p.) -- vol. VI (693 p.) | |
| 597 | 1 | _aTexto a dos col. | |
| 599 | 1 | _aH. de lám.: "L. David. del., H. Robinson sc.", "Eug. Lami pinx., Waltener sculp.", "Eug. Lami pinx., Ferd. Delannois sc.", "Staal pinx., Ferd. Delannois sc." | |
| 650 | 4 |
_a _9241194 |
|
| 852 |
_aES-MaACL _jF-2204-2209 _z-- Enc. hol. |
||
| 999 |
_c166263 _d166263 |
||